| 000 | 01107nam a2200241 i 4500 | ||
|---|---|---|---|
| 001 | 159093 | ||
| 003 | ES-MaACL | ||
| 005 | 20250727063147.0 | ||
| 008 | 931025s1794 sp |||| | spa d | ||
| 040 |
_aCARM _bspa _cPAB |
||
| 100 | 1 |
_aMasdéu, Juan Francisco, _d1744-1817 _9129694 |
|
| 245 | 1 | 0 |
_aHistoria critica de España, y de la cultura española / _cobra compuesta en las dos lenguas italiana y castellana por D. Juan Francisco de Masdeu ... ; tomo XIV, España arabe, libro III, ilustraciones cronológicas, históricas y críticas. |
| 260 |
_aEn Madrid : _ben la imprenta de Sancha se hallará en su librería en la Aduana Vieja, _c1794. |
||
| 300 |
_a501, [1] p. en bl., [3] h. pleg. ; _c21 cm. |
||
| 546 | _aEn tomo I, p. 12 consta que es traducción del italiano. | ||
| 597 | _aSign.: []4, B-Z4, 2A-2Z4, 3A-3Q4, 3R2. | ||
| 597 | _aAntep. | ||
| 597 | _aLas h. 100-102 pleg. son tablas. | ||
| 651 | 4 |
_aEspaña- _xHistoria- _y0711-1492, Reconquista. _98217 |
|
| 852 |
_aES-MaACL _jR-270-89 _z-- Enc. pasta _x Olim: C-44-63 |
||
| 999 |
_c159093 _d159093 |
||